Bearded Ladies Quiz Stats

 Plays Quiz Updated Oct 12, 2016

Also try: Famous Facial Hair
Challenge
Share
Tweet
Score 0/20 Timer 03:00
3 Plays Today
% Correct
Beyoncé Knowles
95.7%
Jennifer Aniston
91.5%
Lindsay Lohan
83.6%
Angelina Jolie
77.4%
Ashley Olsen
68.1%
Anne Hathaway
65%
Mila Kunis
64.7%
P!nk
61%
Emma Stone
57.5%
Jessica Alba
56.3%
% Correct
Salma Hayek
46.6%
Catherine Zeta-Jones
38.4%
Keira Knightley
38%
Alicia Keys
32.4%
Carmen Electra
32.3%
Denise Richards
30.7%
Megan Fox
29.9%
Jessica Simpson
26.5%
Nicole Scherzinger
25.5%
Alicia Silverstone
21.8%

You're not logged in!

Compare scores with friends on all Sporcle quizzes.
Join for Free
OR
Log In

You Might Also Like...

Show Comments

Extras

Top Quizzes Today


Score Distribution

Your Account Isn't Verified!

In order to create a playlist on Sporcle, you need to verify the email address you used during registration. Go to your Sporcle Settings to finish the process.

Report this User

Report this user for behavior that violates our Community Guidelines.

Details: